000 00767nam a22002297a 4500
999 _c16013
_d16013
003 AR-CdUCM
008 190328b ||||| |||| 00| 0 eng d
020 _a84-204-5827-9
040 _aMUNICIPALIDAD PROVINCIAL DEL CUSCO
_cBIBLIOTECA MUNICIPAL DEL CUSCO
082 _aPI / 803 /
_bB45
100 _aBerocay, Roy.
_935276
245 _aUn mundo perfecto :
_bDerecho a la sanidad /
260 _aEspaña :
_bAlfaguara,
_bUnicef,
_c2000.
300 _a28 páginas ;
_bilustraciones a color,
_c28 cm.
440 _aColección derechos del niño.
_n4
_935277
505 _aContenido : Cuentos.
650 _aCuentos infantiles.
_93927
650 _aSiglo XX
_98
700 _aArismendi, Elbio (Ilustraciones)
_935278
942 _2ddc
_cLIBROS
945 _arum
_d2019-04-30